Kepentingan obstetrik dan ginekologi sosial dan klinikal
| Main Author: | |
|---|---|
| Format: | Book |
| Published: |
Kuala Lumpur BP ,
1987
|
| Subjects: |
MARC
| LEADER | 00000cam a2200000 7i4500 | ||
|---|---|---|---|
| 001 | 0000030607 | ||
| 002 | 000033027 | ||
| 005 | 20081210.0 | ||
| 020 | |a T000002707 | ||
| 090 | 0 | 0 | |a 618 |b KHA |
| 100 | 0 | |a Khairuddin Yusof |f Prof | |
| 245 | 1 | 0 | |a Kepentingan obstetrik dan ginekologi sosial dan klinikal |c Prof.Khairuddin Yusof |
| 260 | |a Kuala Lumpur BP , |c 1987 | ||
| 300 | |a 335p. ; |c 22cm. | ||
| 650 | 0 | 0 | |a Gynecology |
| 650 | 0 | 0 | |a Obstetrics |x Handbooks, manuals, etc. |
| 999 | |a 0001544 |b BUKU |c PINJAMAN |e PERPUSTAKAAN KOMUNITI PETALING JAYA | ||